=LDR 00000nam 2200000 4500 =001 INLIS000000000050220 =005 20170425020014 =035 ##$$a 0010-0417000035 =007 ta =008 170425###########################0###### =020 ##$$a 978 - 602 - 1579 - 16 - 9 =082 ##$$a 590.3 =084 ##$$a 590.3 MAN e =100 #$$a manis, Hoeda =245 1#$$a Ensiklopedia Dunia Dalam Binatang : $b fakta - fakta unik dan Menarik Dunia Binatang /$c Hoeda Manis =250 ##$$a Cet.3 =260 ##$$a Yogyakarta :$b Ar- Ruzz Media,$c 2016 =300 ##$$a 476 hlm. : $b Ilus ; $c 25 cm. =650 ##$$a Ensiklopedia Binatang =990 ##$$a 73217321 =990 ##$$a 73217321 =990 ##$$a 31700745 =990 ##$$a 02201707321 =990 ##$$a 31700746 =990 ##$$a 31700745